| 000 | 01018nac a22002897a 4500 | ||
|---|---|---|---|
| 001 | BR7806065 | ||
| 003 | BR-BrBNA | ||
| 005 | 20240105114315.0 | ||
| 008 | 230509b bl.|||m| |||| 00| 0 por d | ||
| 040 |
_aBR-BrBNA _bpor _cBiblioteca Nacional de Agricultura |
||
| 072 | _aK10; K20 | ||
| 090 | _aK10 BR7806065 | ||
| 100 | 1 | _aSchmithusen, F. | |
| 110 | 1 |
_aProjeto de Desenvolvimento e Pesquisa Florestal, Brasilia, DF (Brasil) _98062 |
|
| 245 | 1 |
_aContratos de utilizacao florestal com referencia especial a Amazonia Brasileira [recurso florestal] _bPNUD/FAO/IBDF/BRA/76/027 |
|
| 260 | 3 |
_aBrasilia, DF (Brasil): _c1978. |
|
| 300 | _a35 p. | ||
| 490 |
_aSerie Tecnica - Projeto de Desenvolvimento e Pesquisa Florestal (Brazil) _vno. 12 _x |
||
| 500 | _a15 ref.; Summary (Pt) | ||
| 650 | _aPOLITICA FLORESTAL | ||
| 650 | _aRECURSO FLORESTAL | ||
| 650 | _aLEGISLACAO | ||
| 650 | _aRECONHECIMENTO FLORESTAL | ||
| 650 | _aAMAZONIA | ||
| 909 |
_a202312 _bLúcia Elande _c55 _dLúcia Elande |
||
| 942 |
_2AGRIS _n0 _cMS |
||
| 999 |
_c268589 _d268589 |
||